ARRUPE JESUIT UNIVERSITY

CORONAVIRUS -STOP THE SPREAD - CLEAN,DISINFECT,COVER

Zimbabwean emigrants : (Record no. 122059)

MARC details
000 -LEADER
fixed length control field 01154cam a2200325 a 4500
001 - CONTROL NUMBER
control field 16238299
003 - CONTROL NUMBER IDENTIFIER
control field ARRUPE
005 - DATE AND TIME OF LATEST TRANSACTION
control field 20150217120604.0
008 - FIXED-LENGTH DATA ELEMENTS--GENERAL INFORMATION
fixed length control field 100517s2009 rh b 000 0 eng c
010 ## - LIBRARY OF CONGRESS CONTROL NUMBER
LC control number 2010323453
020 ## - INTERNATIONAL STANDARD BOOK NUMBER
International Standard Book Number 9781779200396
020 ## - INTERNATIONAL STANDARD BOOK NUMBER
International Standard Book Number 1779200390
035 ## - SYSTEM CONTROL NUMBER
System control number (OCoLC)ocn502437320
040 ## - CATALOGING SOURCE
Original cataloging agency STF
Transcribing agency STF
Modifying agency DLC
042 ## - AUTHENTICATION CODE
Authentication code pcc
043 ## - GEOGRAPHIC AREA CODE
Geographic area code f-rh---
050 00 - LIBRARY OF CONGRESS CALL NUMBER
Classification number DT2913.15
Item number .M38 2009
300 ## - PHYSICAL DESCRIPTION
Dimensions 21 cm.
100 1# - MAIN ENTRY--PERSONAL NAME
Personal name Mathema, Cain,
Dates associated with a name 1947-
9 (RLIN) 15166
245 10 - TITLE STATEMENT
Title Zimbabwean emigrants :
Remainder of title the truth and deliberate misinformation /
Statement of responsibility, etc N.C.G. Mathema.
260 ## - PUBLICATION, DISTRIBUTION, ETC. (IMPRINT)
Place of publication, distribution, etc Harare, Zimbabwe :
Name of publisher, distributor, etc University of Zimbabwe Publications,
Date of publication, distribution, etc 2009.
300 ## - PHYSICAL DESCRIPTION
Extent 129 p. ;
504 ## - BIBLIOGRAPHY, ETC. NOTE
Bibliography, etc Includes bibliographical references (p. 112-118).
650 #0 - SUBJECT ADDED ENTRY--TOPICAL TERM
Topical term or geographic name as entry element Zimbabweans
Geographic subdivision Foreign countries.
9 (RLIN) 15167
651 #0 - SUBJECT ADDED ENTRY--GEOGRAPHIC NAME
Geographic name Zimbabwe
General subdivision Emigration and immigration
-- Economic aspects.
9 (RLIN) 15168
651 #0 - SUBJECT ADDED ENTRY--GEOGRAPHIC NAME
Geographic name Zimbabwe
General subdivision Economic conditions
Chronological subdivision 1980-
9 (RLIN) 15169
651 #0 - SUBJECT ADDED ENTRY--GEOGRAPHIC NAME
Geographic name Zimbabwe
General subdivision Politics and government
Chronological subdivision 1980-
9 (RLIN) 15170
906 ## - LOCAL DATA ELEMENT F, LDF (RLIN)
a 7
b cbc
c pccadap
d 3
e ncip
f 20
g y-gencatlg
942 ## - ADDED ENTRY ELEMENTS (KOHA)
Source of classification or shelving scheme Library of Congress Classification
Koha item type Monograph ( Printed materials)
Holdings
Withdrawn status Lost status Source of classification or shelving scheme Damaged status Not for loan Collection code Home library Current library Shelving location Date acquired Total Checkouts Full call number Barcode Date last seen Date checked out Price effective from Koha item type
    Library of Congress Classification     Main Collection ARRUPE LIBRARY ARRUPE LIBRARY Main Collection 17/02/2015 5 DT2913.15 .M38 2009 46500001037 17/02/2020 31/01/2020 17/02/2015 Monograph ( Printed materials)

 

Arrupe Library. PO Box MP320 Mt Pleasant, Harare, Zimbabwe
263 242 745411|librarian@aju.ac.zw